| 000 | 00702nam a22002057a 4500 | ||
|---|---|---|---|
| 999 |
_c13008 _d13008 |
||
| 003 | AR-CdUCM | ||
| 008 | 190410b ||||| |||| 00| 0 spa d | ||
| 040 |
_aMUNICIPALIDAD PROVINCIAL DEL CUSCO _cBIBLIOTECA MUNICIPAL DEL CUSCO |
||
| 082 |
_a801 / _bD58 |
||
| 100 |
_aDel Solar Céspedes, José Augusto _96149 |
||
| 245 |
_aVorágine : _bPerú tercer milenio / |
||
| 260 |
_aTrujillo : _bSevillano, _c2004. |
||
| 300 |
_a78 páginas ; _c21 cm. |
||
| 500 | _aDedicatoria | ||
| 505 | _aContenido: Ascensión -- Muy tarde -- Los niños de mi país -- La partida -- Diario renacer ... | ||
| 650 |
_aLiteratura peruana _9169 |
||
| 650 |
_aPoesía _9139 |
||
| 942 |
_2ddc _cLIBROS |
||
| 945 |
_aacv _d2019-04-10 |
||